000 00316nam a2200133Ia 4500
008 150201s1999 xx 000 0 und d
082 _a610.6
_bV99W
100 _aWHO
245 _aVECTOR CONTROL
250 _a1ST
260 _bAITBS
_aDELHI
_c1999
650 _aOTHER CLINICAL & NON CLINICAL BOOKS
942 _2ddc
_cBK
999 _c1160
_d1160